<?xml version="1.0" encoding="UTF-8"?><?xml-stylesheet type="text/xsl" href="static/style.xsl"?><OAI-PMH xmlns="http://www.openarchives.org/OAI/2.0/" xmlns:xsi="http://www.w3.org/2001/XMLSchema-instance" xsi:schemaLocation="http://www.openarchives.org/OAI/2.0/ http://www.openarchives.org/OAI/2.0/OAI-PMH.xsd"><responseDate>2026-04-17T06:48:45Z</responseDate><request verb="GetRecord" identifier="oai:www.recercat.cat:10230/68762" metadataPrefix="marc">https://recercat.cat/oai/request</request><GetRecord><record><header><identifier>oai:recercat.cat:10230/68762</identifier><datestamp>2025-12-12T02:25:51Z</datestamp><setSpec>com_2072_6</setSpec><setSpec>col_2072_452952</setSpec></header><metadata><record xmlns="http://www.loc.gov/MARC21/slim" xmlns:dcterms="http://purl.org/dc/terms/" xmlns:xsi="http://www.w3.org/2001/XMLSchema-instance" xmlns:doc="http://www.lyncode.com/xoai" xsi:schemaLocation="http://www.loc.gov/MARC21/slim http://www.loc.gov/standards/marcxml/schema/MARC21slim.xsd">
   <leader>00925njm 22002777a 4500</leader>
   <datafield ind2=" " ind1=" " tag="042">
      <subfield code="a">dc</subfield>
   </datafield>
   <datafield ind2=" " ind1=" " tag="720">
      <subfield code="a">Milà, Carles</subfield>
      <subfield code="e">author</subfield>
   </datafield>
   <datafield ind2=" " ind1=" " tag="720">
      <subfield code="a">Ludwig, Marvin</subfield>
      <subfield code="e">author</subfield>
   </datafield>
   <datafield ind2=" " ind1=" " tag="720">
      <subfield code="a">Pebesma, Edzer</subfield>
      <subfield code="e">author</subfield>
   </datafield>
   <datafield ind2=" " ind1=" " tag="720">
      <subfield code="a">Tonne, Cathryn</subfield>
      <subfield code="e">author</subfield>
   </datafield>
   <datafield ind2=" " ind1=" " tag="720">
      <subfield code="a">Meyer, Hannah V.</subfield>
      <subfield code="e">author</subfield>
   </datafield>
   <datafield ind2=" " ind1=" " tag="260">
      <subfield code="c">2024-11-21T07:41:39Z</subfield>
   </datafield>
   <datafield ind2=" " ind1=" " tag="260">
      <subfield code="c">2024-11-21T07:41:39Z</subfield>
   </datafield>
   <datafield ind2=" " ind1=" " tag="260">
      <subfield code="c">2024</subfield>
   </datafield>
   <datafield ind2=" " ind1=" " tag="520">
      <subfield code="a">Spatial proxies such as coordinates and Euclidean distance fields are often added as predictors in random forest models; however, their suitability in different predictive conditions has not yet been thoroughly assessed. We investigated 1) the conditions under which spatial proxies are suitable, 2) the reasons for such adequacy, and 3) how proxy suitability can be assessed using cross-validation. In a simulation and two case studies, we found that adding spatial proxies improved model performance when both residual spatial autocorrelation, and regularly or randomly-distributed training samples, were present. Otherwise, inclusion of proxies was neutral or counterproductive and resulted in feature extrapolation for clustered samples. Random k-fold cross-validation systematically favoured models with spatial proxies even when not appropriate. As the benefits of spatial proxies are not universal, we recommend using spatial exploratory and validation analyses to determine their suitability, and considering alternative inherently spatial RF-GLS models.</subfield>
   </datafield>
   <datafield ind2=" " ind1=" " tag="520">
      <subfield code="a">Carles Milà was supported by a PhD fellowship funded by the Spanish Ministerio de Ciencia e Innovación (grant no. PRE2020-092303). We also acknowledge support from grant no. CEX2018-000806-S, funded by MCIN/AEI/10.13039/501100011033, and from the Generalitat de Catalunya through the CERCA programme.</subfield>
   </datafield>
   <datafield ind2="0" ind1="0" tag="245">
      <subfield code="a">Random forests with spatial proxies for environmental modelling: opportunities and pitfalls</subfield>
   </datafield>
</record></metadata></record></GetRecord></OAI-PMH>